highest grossing time travel movies - Statistics

General Stats
  • This quiz has been taken 18 times
  • The average score is 9 of 15
Answer Stats
year starring gross film % Correct
1989 Michael J. Fox $276 million Back to the Future Part II
77%
1991 Linda Hamilton $456 million Terminator 2: Judgment Day
77%
2002 Beyoncé $344 million Austin Powers in Goldmember
69%
2019 Robert Downey, Jr. $892 million Avengers: Endgame
69%
1990 Christopher Lloyd $196 million Back to the Future Part III
69%
1993 Bill Murray $160 million Groundhog Day
69%
2004 Daniel Radcliffe $378 million Harry Potter and the Prisoner of Azkaban
69%
2006 Adam Sandler $196 million Click
62%
2003 Arnold Schwarzenegger $233 million Terminator 3: Rise of the Machines
62%
2014 Patrick Stewart $263 million X-Men: Days of Future Past
62%
2012 Tommy Lee Jones $207 million Men in Black 3
54%
2014 Matthew McConaughey $212 million Interstellar
46%
1990 Mike Myers $380 million Austin Powers: The Spy Who Shagged Me
38%
1986 William Shatner $270 million Star Trek IV: The Voyage Home
38%
1996 LeVar Burton $194 million Star Trek: First Contact
8%
No matching quizzes found
Score Distribution
Percent of People with Each Score
Percentile by Number Answered
Your Score History
You have not taken this quiz